书目信息 |
| 题名: |
化工原理实验立体教材
|
|
| 作者: | 宋莎 主编 | |
| 分册: | ||
| 出版信息: | 哈尔滨 哈尔滨工程大学出版社 2017.07 |
|
| 页数: | 154页 | |
| 开本: | 26cm | |
| 丛书名: | ||
| 单 册: | ||
| 中图分类: | TQ02-33 | |
| 科图分类: | ||
| 主题词: | 化工原理--实验--教材 | |
| 电子资源: | ||
| ISBN: | 978-7-5661-1522-5 | |
| 000 | 00904nam0 2200217 450 | |
| 001 | 1190 | |
| 005 | 20180927150945.23 | |
| 010 | @a978-7-5661-1522-5@dCNY29.80 | |
| 100 | @a20171018d2017 em y0chiy50 ea | |
| 101 | 0 | @achi |
| 102 | @aCN@b230000 | |
| 105 | @aa z 000yy | |
| 200 | 1 | @a化工原理实验立体教材@9hua gong yuan li shi yan li ti jiao cai@f宋莎主编 |
| 210 | @a哈尔滨@c哈尔滨工程大学出版社@d2017.07 | |
| 215 | @a154页@c图@d26cm | |
| 330 | @a本书涵盖实验室安全环保规范、常用化工仪器使用、流程模拟软件简介和参数控制技术等内容。实验部分涉及流体阻力、传热、吸收、精馏、过滤、泵、萃取、干燥等主要单元操作和辅助教学的8个仿真实验,可帮助拓展实验技能知识面、强化工程取向。书中还包括了计算机软件回归数据实例、实验报告及相关学术论文撰写要求。 | |
| 606 | 0 | @a化工原理@x实验@j教材 |
| 690 | @aTQ02-33@v5 | |
| 701 | 0 | @a宋莎@9song sha@4主编 |
| 801 | 0 | @aCN@b91MARC@c20171018 |
| 905 | @aMuseLib@dTQ02-33@e464 | |
| 化工原理实验立体教材/宋莎主编.-哈尔滨:哈尔滨工程大学出版社,2017.07 |
| 154页:图;26cm |
| ISBN 978-7-5661-1522-5:CNY29.80 |
| 本书涵盖实验室安全环保规范、常用化工仪器使用、流程模拟软件简介和参数控制技术等内容。实验部分涉及流体阻力、传热、吸收、精馏、过滤、泵、萃取、干燥等主要单元操作和辅助教学的8个仿真实验,可帮助拓展实验技能知识面、强化工程取向。书中还包括了计算机软件回归数据实例、实验报告及相关学术论文撰写要求。 |
| ● |
| 相关链接 |
|
|
|
|
正题名:化工原理实验立体教材
索取号:TQ02-33/464
 
预约/预借
| 序号 | 登录号 | 条形码 | 馆藏地/架位号 | 状态 | 备注 |
| 1 | 1121604 | 211216049 | 第二样本阅览室/ [索取号:TQ02-33/464] | 在馆 | |
| 2 | 1121605 | 211216058 | 第三借阅区/ [索取号:TQ02-33/464] | 在馆 | |
| 3 | 1121606 | 211216067 | 第三借阅区/ [索取号:TQ02-33/464] | 在馆 | |
| 4 | 1121607 | 211216076 | 第三借阅区/ [索取号:TQ02-33/464] | 在馆 | |
| 5 | 1121608 | 211216085 | 化学系资料室/ [索取号:TQ02-33/464] | 在馆 |